00529nam a2200169Ia 4500999001500000003000400015005001700019008004100036040000600077100002800083245009400111260004400205300000600249490001100255942001200266952008100278 c7446d7446OSt20250401155736.0201217s9999 xx 000 0 und d c. aHarvard Business Review 0aHarvard Business Review on human relations : Classic Advice on Handling The Manager's Job aNew YorkbHarvard Business School Press a0 vVol. 3 cBK2ddc 00104070aCLd2020-12-17o658.4 H3391pPM02601r2020-12-17w2020-12-17yBK